书目信息 |
| 题名: |
课堂上的艺术综合学习
|
|
| 作者: | 张翁伟仪 , 冯笑娴 编著 | |
| 分册: | ||
| 出版信息: | 北京 教育科学出版社 2008.03 |
|
| 页数: | 219页 | |
| 开本: | 26cm | |
| 丛书名: | ||
| 单 册: | ||
| 中图分类: | G423 | |
| 科图分类: | ||
| 主题词: | 艺术--课堂教学--教学研究--高等学校 | |
| 电子资源: | ||
| ISBN: | 978-7-5041-3889-7 | |
| 000 | 00844nam0 2200229 450 | |
| 001 | 003977062 | |
| 005 | 20100813171122.03 | |
| 010 | @a978-7-5041-3889-7@dCNY26.00 | |
| 100 | @a20100515d2008 em y0chiy50 ea | |
| 101 | 0 | @achi |
| 102 | @aCN@b110000 | |
| 105 | @aa z 000yy | |
| 200 | 1 | @a课堂上的艺术综合学习@Ake tang shang de yi shu zong he xue xi@f张翁伟仪, 冯笑娴编著@Fzhang weng wei yi,feng xiao xian bian zhu |
| 210 | @a北京@c教育科学出版社@d2008.03 | |
| 215 | @a219页@c图@d26cm | |
| 330 | @a本书记载着11位中小学在职及准教师设计的实验课程,包括6个小学案例及5个中学案例,使我们对香港特别行政区的艺术教育有了全面的了解。 | |
| 606 | 0 | @a艺术@x课堂教学@x教学研究@x高等学校 |
| 690 | @aG423@v4 | |
| 701 | 0 | @a张翁伟仪@Azhang weng wei yi@4编著 |
| 701 | 0 | @a冯笑娴@Afeng xiao xian@4编著 |
| 801 | 0 | @aCN@c20100515 |
| 905 | @dG423@eZ190@f5 | |
| 课堂上的艺术综合学习/张翁伟仪, 冯笑娴编著.-北京:教育科学出版社,2008.03 |
| 219页:图;26cm |
| ISBN 978-7-5041-3889-7:CNY26.00 |
| 本书记载着11位中小学在职及准教师设计的实验课程,包括6个小学案例及5个中学案例,使我们对香港特别行政区的艺术教育有了全面的了解。 |
| ● |
| 相关链接 |
|
|
|
正题名:课堂上的艺术综合学习
索取号:G423/Z190
 
预约/预借
| 序号 | 登录号 | 条形码 | 馆藏地/架位号 | 状态 | 备注 |
| 1 | 1028277 | 210282772 | 社科二线422/422社科库 32排1列5层/ [索取号:G423/Z190] | 在馆 | |
| 2 | 1028278 | 210282781 | 社科二线422/422社科库 32排1列5层/ [索取号:G423/Z190] | 在馆 | |
| 3 | 1028279 | 210282790 | 社科二线422/422社科库 32排1列5层/ [索取号:G423/Z190] | 在馆 | |
| 4 | 1028280 | 210282807 | 社科库409/409社科库 2排3列3层/ [索取号:G423/Z190] | 在馆 | |
| 5 | 1028281 | 210282816 | 社科库409/409社科库 2排3列3层/ [索取号:G423/Z190] | 在馆 |